| 000 | 00726nam a2200229 i 4500 | ||
|---|---|---|---|
| 001 | 6635 | ||
| 003 | ES-MaACL | ||
| 005 | 20230906145027.0 | ||
| 008 | 900207s1982 sp ||||1| spa d | ||
| 020 | _a84-249-0336-6 | ||
| 080 | _a94(37) | ||
| 100 | 1 |
_aOrosio, Paulo. _987320 |
|
| 245 | 1 | 0 |
_aHistorias. _pLibros V-VII / _cOrosio ; traducción y notas de Eustaquio Sánchez Salor. |
| 260 |
_aMadrid : _bGredos, _c1982. |
||
| 300 |
_a1 v. (307 p.) ; _c20 cm. |
||
| 490 | 1 |
_aBiblioteca clásica Gredos ; _v54 |
|
| 651 | 4 |
_aRoma- _xHistoria. _99312 |
|
| 700 | 1 |
_aSánchez Salor, Eustaquio. _9102918 |
|
| 830 | 1 |
_aBiblioteca clásica Gredos ; _v54 _9177556 |
|
| 852 |
_aES-MaACL _jL-13823 _z- Enc. plast. |
||
| 999 |
_c6635 _d6635 |
||